| 000 | 00506cam a22002171 4500 | ||
|---|---|---|---|
| 001 | sa 67004316 | ||
| 003 | DLC | ||
| 005 | 20260227112345.0 | ||
| 008 | 900105s1967 ii 000 1 beno | ||
| 010 | _asa 67004316 | ||
| 035 | _a(OCoLC)20851338 | ||
| 040 |
_aDLC _cWaU _dDLC |
||
| 042 | _apremarc | ||
| 050 | 0 | 0 |
_aPK1718.M47 _bC3 |
| 100 | 1 |
_aMitra, Bimal, _d1912-1991. |
|
| 245 | 1 | 0 | _aCalo Kalalātā. |
| 260 | _c[1967] | ||
| 300 |
_a162 p. _c22 cm. |
||
| 500 | _aIn Bengali. | ||
| 500 | _aA novel. | ||
| 999 |
_c74380 _d74380 |
||